Historia de Roma.
Gespeichert in:
| 1. Verfasser: | |
|---|---|
| Format: | Buch |
| Veröffentlicht: |
Buenos Aires, Argentina:
Joaquín Gil,
1960.
|
| Ausgabe: | Segunda edición. |
| Schlagworte: | |
| Tags: |
Tag hinzufügen
Keine Tags, Fügen Sie den ersten Tag hinzu!
|
MARC
| LEADER | 00000nam a22000007a 4500 | ||
|---|---|---|---|
| 001 | UCZ5898 | ||
| 003 | CL-VaPUC | ||
| 005 | 20220822114821.0 | ||
| 008 | 220805t1960 ||||| |||| 00| 0 eng d | ||
| 999 | |c 438014 |d 438012 | ||
| 040 | |c Pontificia Universidad Católica de Valparaíso | ||
| 082 | 0 | 4 | |a 937 MOM 1960 |2 21 |
| 100 | |a Mommsen, Teodoro |e autor |q Mommsen, Theodor |9 580211 | ||
| 245 | 1 | 0 | |a Historia de Roma. |
| 250 | |a Segunda edición. | ||
| 260 | |a Buenos Aires, Argentina: |b Joaquín Gil, |c 1960. | ||
| 300 | |a 884 páginas. | ||
| 500 | |a c.1 Donación Familia Prof. Alejandro Guzmán Brito. | ||
| 583 | |a last modification |c 19951127 00:00:00 |k Cristina María Rojas Aguilar | ||
| 650 | 0 | |a Historia antigua |9 267521 |z Roma | |
| 650 | 0 | |a Civilizaciones antiguas |9 265998 |x Imperio romano | |
| 650 | 0 | |a Monarquía |9 255259 |z Roma | |
| 942 | |c BK |2 ddc |n 0 | ||
| 952 | |0 0 |1 0 |2 ddc |4 0 |6 937_000000000000000_MOM_1960 |7 0 |8 C_AGB |9 585881 |a BIBDER |b BIBDER |d 2022-08-05 |e Donación |i 5653810 |l 4 |o 937 MOM 1960 |p 5653810 |r 2023-04-11 |s 2023-04-11 |t 1 |w 2022-08-05 |y BK_US |k AGB | ||